000 00850nam a2200229 i 4500
001 140030
003 ES-MaACL
005 20260129170030.0
007 t|
008 070214s1952 sp 00110 spa d
100 1 _aSchmitt, Carl.
_9104517
245 1 0 _aInterpretación europea de Donoso Cortés /
_cCarl Schmitt ; prólogo de Ángel López-Amo ; [traducción de Francisco de Asís Caballero].
260 _aMadrid :
_bRialp,
_c1952 (
_fEscelicer)
300 _a145 p. ;
_c19 cm.
490 1 _aBiblioteca del pensamiento actual ;
_v13
600 1 4 _aDonoso Cortés, Juan,
_d1809-1853-
_xCrítica e interpretación
_9172937
700 1 _aLópez-Amo, Angel.
_973400
700 0 _aCaballero, Francisco de Asís
_933082
830 1 _aBiblioteca del pensamiento actual
_v13
_9181187
852 _aES-MaACL
_jD-7891
999 _c140030
_d140030